Music Quiz

Random Music or Lyrics Quiz

Guess the Disney Lyrics! Quiz Stats

 Plays Quiz not verified by Sporcle

Challenge
Share
Tweet
Embed
Score 0/81 Timer 10:00
1 Play Today
% Correct
a
98.6%
a
98.6%
The
98.6%
a
98.6%
the
98.6%
and
98.6%
a
98.6%
you
90%
you
90%
you
90%
you
90%
you
90%
you
90%
is
74.7%
is
74.7%
is
74.7%
are
73.9%
to
72.7%
to
72.7%
no
70.8%
No
70.8%
When
70.3%
When
70.3%
When
70.3%
in
69.9%
in
69.9%
who
69.1%
% Correct
who
69.1%
your
68.7%
your
68.7%
your
68.7%
Your
68.7%
If
65%
wish
62.7%
wish
62.7%
wish
62.7%
upon
62.6%
upon
62.6%
upon
62.6%
star
62.4%
star
62.4%
star
62.4%
Will
61.9%
come
59.6%
come
59.6%
heart
58%
heart
58%
dream
57.3%
Makes
57.3%
difference
56.8%
do
56.2%
love
53.1%
true
52.4%
of
51.6%
% Correct
of
51.6%
too
50.3%
dreams
49.8%
She
46.1%
desires
45.6%
As
44.7%
Anything
43.3%
extreme
37.1%
Like
36%
request
34.1%
out
30.4%
dreamers
29.2%
those
29%
Their
26%
blue
24.1%
through
23.7%
Fate
23.1%
Fate
23.1%
kind
23.1%
sees
22.4%
steps
20.3%
brings
18.2%
bolt
18.1%
sweet
17.6%
secret
17%
longing
16.2%
fulfillment
16.1%

You're not logged in!

Compare scores with friends on all Sporcle quizzes.
Join for Free
OR
Log In

You Might Also Like...

Show Comments

Extras

Created Jun 12, 2010ReportNominate
Tags:Disney Quiz, Lyrics Quiz

Top Quizzes Today


Score Distribution

Your Account Isn't Verified!

In order to create a playlist on Sporcle, you need to verify the email address you used during registration. Go to your Sporcle Settings to finish the process.

Report this User

Report this user for behavior that violates our Community Guidelines.

Details: